000 00631nam a22002057a 4500
999 _c157759
_d157759
005 20180928143045.0
010 _aENG-124084
020 _a9789387472914
_c425.00
035 _aEN-107616
037 _bDBAD/PUB
082 _a351.54
100 _aSarkar, Siuli
245 _aPublic administration in india /
_cby Siuli Sarkar
250 _a2nd ed.
260 _c2018
_aDelhi
_bPHI Learning Pvt. Ltd.
270 _bDelhi
_aRimjhim House, 111, Patparganj Industrial Estate,
_e110092
300 _axvi,460p.
_c24cm.(pbk)
500 _aIt includes name index and subject index
942 _2ddc
_cEN
_h351.54
_mSAR